Estadios con más asistencia media 2023/2024 - Estadísticas

Estadísticas generales
  • Esta prueba ha sido intentada 105 veces
  • La puntuación promedio es 18 de 30
Estadísticas de respuestas
% de aforo ocupado Liga Equipo % Correcto
88,91% Primera División Real Madrid
100%
71,24% Primera División FC Barcelona
94%
80,88% Primera División Sevilla FC
88%
87,84% Primera División Valencia CF
88%
86,53% Primera División Athletic Club
85%
84,77% Primera División Atlético de Madrid
85%
84,41% Primera División Real Betis
85%
80,66% Primera División Real Sociedad
75%
70,42% 1 RFEF Deportivo de La Coruña
72%
72,27% 1 RFEF Málaga CF
72%
80,57% Primera División Celta de Vigo
69%
86,74% Primera División Rayo Vallecano
67%
85,40% Primera División Cádiz CF
65%
87,60% Primera División Deportivo Alavés
64%
68,59% Primera División Getafe CF
63%
69,50% Segunda División CD Leganés
60%
84,50% Primera División Granada CF
60%
71,28% Segunda División Racing de Santander
57%
67,05% Segunda División Real Zaragoza
57%
67,20% Segunda División Sporting de Gijón
57%
83,57% Primera División CA Osasuna
50%
85,60% Primera División Girona FC
50%
77,28% Primera División UD Las Palmas
50%
76,41% Primera División Villarreal CF
50%
70,33% Primera División UD Almería
49%
68,05% 1 RFEF Córdoba CF
38%
66,76% Segunda División CD Tenerife
26%
77,60% Segunda División Burgos CF
22%
69% 1 RFEF Unionistas de Salamanca
10%
70,22% 1 RFEF SD Ponferradina
6%
No se encontraron pruebas coincidentes
Distribución de puntuación
Porcentaje de gente con cada puntuación
Porcentaje por número respondido
Historial de tus puntuaciones
No has intentado esta prueba.